[Event "POL-ch U18"]
[Site "Jastrzebia Gora"]
[Date "2023.??.??"]
[Round "6"]
[White "Wilk, Igor"]
[Black "Taranowicz, Michal"]
[Result "0-1"]
[WhiteElo "2058"]
[BlackElo "1900"]
[PlyCount "78"]
[EventDate "2023.03.11"]
[EventType "swiss"]
[EventRounds "9"]
[EventCountry "POL"]
[SourceTitle "CBM 213 Extra"]
[Source "ChessBase"]
[SourceDate "2023.05.31"]
[SourceVersion "1"]
[SourceVersionDate "2023.05.31"]
[SourceQuality "1"]

1. d4 e6 2. c4 c5 3. Nf3 Nf6 4. g3 cxd4 5. Nxd4 d5 6. Bg2 e5 7. Nf3 d4 8. 0-0 Nc6 9. e3 Be7 10. exd4 exd4 11. Bf4 Be6 12. Ne5 Rc8 13. Nd2 0-0 14. Nxc6 bxc6 15. b3 Re8 16. Nf3 c5 17. Ne1 Qd7 18. Nd3 Bh3 19. Re1 Bf8 20. Be5 Bxg2 21. Kxg2 Rc6 22. Bxf6 Rxf6 23. Rxe8 Qxe8 24. Qd2 Qe4+ 25. Kg1 Rf3 26. Nf4 g5 27. Re1 Qf5 28. Nd5 Kg7 29. Kg2 Bd6 30. Qe2 g4 31. Rh1 d3 32. Qd2 Be5 33. Rf1 Bd4 34. Nf4 h5 35. h4 Kh7 36. a3 Be5 37. Rd1 Bxf4 38. gxf4 Qe4 39. Kg1 Rh3 0-1